| 000 | 00467nam a22001697a 4500 | ||
|---|---|---|---|
| 003 | OSt | ||
| 082 |
_a631.5871 _bANA/AR |
||
| 088 | _aP 509 | ||
| 100 |
_aAnanya M M _94954 |
||
| 100 |
_aDilsha C _94955 |
||
| 100 |
_aGargi A _94956 |
||
| 245 | _aArtificial neural Network model for Groundwater level Prediction | ||
| 260 |
_aTavanur,KCAET _bDepartment of irrigation and drainage engineering _c2020 |
||
| 300 | _a 96 p | ||
| 700 | _aAsha Joseph (Guide) | ||
| 942 | _cPR | ||
| 999 |
_c17398 _d17398 |
||